Performannce of banana tissue culture plantlet in field condition,(សំដែងកម្មនៃកូនចេកជាលិកាវប្បកម្ម នៅក្នុងលក្ខខណវាលស្រែ) (Record no. 1188)
[ view plain ]
| 000 -LEADER | |
|---|---|
| fixed length control field | 00591nam a22001577a 4500 |
| 003 - CONTROL NUMBER IDENTIFIER | |
| control field | OSt |
| 005 - DATE AND TIME OF LATEST TRANSACTION | |
| control field | 20150924142145.0 |
| 008 - FIXED-LENGTH DATA ELEMENTS--GENERAL INFORMATION | |
| fixed length control field | 150924b xxu||||| |||| 00| 0 eng d |
| 040 ## - CATALOGING SOURCE | |
| Transcribing agency | RUA |
| 082 ## - DEWEY DECIMAL CLASSIFICATION NUMBER | |
| Classification number | AGR HEN 2012 B052 Or.1 |
| 100 ## - MAIN ENTRY--PERSONAL NAME | |
| 9 (RLIN) | 1255 |
| Personal name | HENG SREY PECH |
| 245 ## - TITLE STATEMENT | |
| Title | Performannce of banana tissue culture plantlet in field condition,(សំដែងកម្មនៃកូនចេកជាលិកាវប្បកម្ម នៅក្នុងលក្ខខណវាលស្រែ) |
| 260 ## - PUBLICATION, DISTRIBUTION, ETC. (IMPRINT) | |
| Place of publication, distribution, etc. | phnom penh |
| Name of publisher, distributor, etc. | RUA |
| Date of publication, distribution, etc. | 2012 |
| 300 ## - PHYSICAL DESCRIPTION | |
| Extent | xii, 41p. |
| Dimensions | ill. |
| Size of unit | 29cm. |
| 942 ## - ADDED ENTRY ELEMENTS (KOHA) | |
| Source of classification or shelving scheme | |
| Koha item type | AGR |
| Price effective from | Date last seen | Permanent Location | Not for loan | Date acquired | Source of classification or shelving scheme | Koha item type | Lost status | Withdrawn status | Total Renewals | Date last checked out | Total Checkouts | Shelving location | Damaged status | Barcode | Current Location | Full call number |
|---|---|---|---|---|---|---|---|---|---|---|---|---|---|---|---|---|
| 2015-09-24 | 2025-02-13 | Library Block B | 2015-09-24 | AGR | 1 | 2025-01-28 | 5 | RUA005354 | Library Block B | AGR HEN 2012 B052 Or.1 | ||||||
| 2015-09-24 | 2022-02-04 | Library Block B | 2015-09-24 | AGR | 2022-01-10 | 6 | RUA006214 | Library Block B | AGR HEN 2012 B052 Or.2 | |||||||
| 2015-09-24 | 2021-12-22 | Library Block B | 2015-09-24 | AGR | 2021-12-15 | 2 | RUA005882 | Library Block B | AGR HEN 2012 B052 Or.3 | |||||||
| 2015-09-24 | 2026-01-13 | Library Block B | 2015-09-24 | AGR | 2025-12-16 | 6 | RUA005760 | Library Block B | AGR HEN 2012 B052 Or.4 | |||||||
| 2015-09-24 | 2022-10-24 | Library Block B | 2015-09-24 | AGR | 2022-10-10 | 2 | RUA005976 | Library Block B | AGR HEN 2012 B052 Or.6 | |||||||
| 2015-09-24 | 2024-12-23 | Library Block B | 2015-09-24 | AGR | 2024-12-21 | 3 | RUA005364 | Library Block B | AGR HEN 2012 B052 Or.5 | |||||||
| 2015-09-24 | 2022-10-25 | Library Block B | 2015-09-24 | AGR | 2022-10-12 | 1 | RUA005362 | Library Block B | AGR HEN 2012 B052 Or.7 | |||||||
| 2015-09-24 | 2015-09-24 | Library Block B | 2015-09-24 | AGR | RUA005646 | Library Block B | AGR HEN 2012 B052 Or.8 | |||||||||
| 2019-01-21 | 2023-05-05 | Library Block B | 2019-01-21 | AGR | 2023-05-02 | 2 | B1.210 | A41660 | Library Block B | AGR HEN 2012 B1.210 Or.1 | ||||||
| 2019-01-21 | 2026-05-23 | Library Block B | 2019-01-21 | AGR | 2026-05-04 | 4 | B1.210 | A41156 | Library Block B | AGR HEN 2012 B1.210 Or.2 |